[Event "Pontevedra op 21st"]
[Site "Pontevedra"]
[Date "2008.08.13"]
[Round "4"]
[White "Rodriguez Calvo, Manoel"]
[Black "Piasetski, Leon David"]
[Result "1-0"]
[WhiteElo "2167"]
[BlackElo "2314"]
[PlyCount "41"]
[EventDate "2008.08.10"]
[EventType "swiss"]
[EventRounds "9"]
[EventCountry "ESP"]
[SourceTitle "CBM 125 Extra"]
[Source "ChessBase"]
[SourceDate "2008.09.01"]
[SourceVersion "1"]
[SourceVersionDate "2008.09.01"]
[SourceQuality "1"]

1. e4 d6 2. d4 g6 3. c4 Bg7 4. Nc3 Nd7 5. Nge2 e5 6. d5 f5 7. exf5 gxf5 8. Ng3 Ndf6 9. Be2 Ne7 10. f4 exf4 11. Bxf4 0-0 12. 0-0 Ng6 13. Bg5 h6 14. Be3 f4 15. Bxf4 Nxf4 16. Rxf4 Qe7 17. Qd3 Bd7 18. Raf1 Nh7 19. Nh5 Be5 20. Qg6+ Kh8 21. Rf7 1-0

[Event "Cambados op 23rd"]
[Site "Cambados"]
[Date "2007.08.05"]
[Round "4"]
[White "Rodriguez Calvo, Manoel"]
[Black "Stanoev, Atanas"]
[Result "1-0"]
[WhiteElo "2142"]
[BlackElo "1953"]
[PlyCount "65"]
[EventDate "2007.08.02"]
[EventType "swiss"]
[EventRounds "9"]
[EventCountry "ESP"]
[SourceTitle "CBM 119 Extra"]
[Source "ChessBase"]
[SourceDate "2007.09.04"]
[SourceVersion "1"]
[SourceVersionDate "2007.09.04"]
[SourceQuality "1"]

1. e4 c5 2. Nf3 d6 3. Bb5+ Nc6 4. 0-0 Bd7 5. Re1 a6 6. Bxc6 Bxc6 7. d4 cxd4 8. Nxd4 Bd7 9. Nc3 Nf6 10. Bg5 e6 11. Nf5 Qb6 12. Qf3 0-0-0 13. Nxg7 Bxg7 14. Bxf6 Bxf6 15. Qxf6 Rhg8 16. b3 Rg6 17. Qf3 Bc6 18. Qe3 Qa5 19. Ne2 Rdg8 20. g3 f5 21. Qc3 Qc7 22. exf5 Rh6 23. Nd4 Qg7 24. Re3 Rxh2 25. Nxc6 Qh6 26. Kf1 Qh3+ 27. Ke1 Rh1+ 28. Kd2 Rxa1 29. Ne7+ Kd7 30. Nxg8 Rf1 31. fxe6+ Kd8 32. e7+ Ke8 33. Nf6+ 1-0

[Event "Pedrido Memorial"]
[Site "Vilagarcia de Arousa"]
[Date "2006.08.26"]
[Round "2"]
[White "Rodriguez Calvo, Manoel"]
[Black "Espineira Gonzalez, Diego Adrian"]
[Result "1/2-1/2"]
[WhiteElo "2123"]
[BlackElo "2337"]
[PlyCount "56"]
[EventDate "2006.07.25"]
[EventType "swiss"]
[EventRounds "9"]
[EventCountry "ESP"]
[SourceTitle "CBM 113 Extra"]
[Source "ChessBase"]
[SourceDate "2006.09.14"]
[SourceVersion "1"]
[SourceVersionDate "2006.09.14"]
[SourceQuality "1"]

1. Nf3 e6 2. c4 Nf6 3. Nc3 c5 4. g3 Be7 5. Bg2 0-0 6. 0-0 Nc6 7. b3 d5 8. cxd5 Nxd5 9. Bb2 Ndb4 10. Rc1 f6 11. a3 Na6 12. e3 Qd3 13. Re1 e5 14. Bf1 Qd8 15. h3 Kh8 16. d4 Na5 17. dxe5 Be6 18. b4 cxb4 19. axb4 Nxb4 20. Nd4 Bg8 21. exf6 Bxf6 22. Ba3 Be7 23. Rb1 Nd5 24. Bxe7 Nxe7 25. Bg2 Rc8 26. Ne4 b6 27. Nb5 Qxd1 28. Rexd1 a6 1/2-1/2

[Event "Villagarcia de Arosa op"]
[Site "Villagarcia de Arosa"]
[Date "2005.08.04"]
[Round "4"]
[White "Rodriguez Calvo, Manoel"]
[Black "Zurano Lopez, Pedro"]
[Result "1/2-1/2"]
[WhiteElo "2119"]
[BlackElo "2253"]
[PlyCount "128"]
[EventDate "2005.08.01"]
[EventType "swiss"]
[EventRounds "9"]
[EventCountry "ESP"]
[SourceTitle "CBM 107 Extra"]
[Source "ChessBase"]
[SourceDate "2005.09.01"]
[SourceVersion "1"]
[SourceVersionDate "2005.09.01"]
[SourceQuality "1"]

1. e4 c6 2. d4 d5 3. Nd2 dxe4 4. Nxe4 Nd7 5. Ng5 Nb6 6. N1f3 g6 7. Bf4 Bg7 8. c3 Nd5 9. Bd2 Nh6 10. c4 Nf6 11. Bc3 0-0 12. h3 Qc7 13. Bd3 Bd7 14. Qe2 e6 15. 0-0 Nh5 16. Ne4 Nf4 17. Qc2 Rfd8 18. d5 Nh5 19. d6 Qb8 20. Bxg7 Nxg7 21. Nf6+ Kh8 22. c5 Be8 23. Qd2 Ng8 24. Nxe8 Nxe8 25. Qc3+ Ngf6 26. Qe5 a5 27. Ng5 Kg8 28. Bc4 Nd7 29. Qe3 Ng7 30. Rac1 Nf5 31. Qa3 Ng7 32. Ne4 b6 33. cxb6 Qxb6 34. Qc3 Nf5 35. Rfd1 c5 36. g4 Ng7 37. Be2 Rac8 38. a4 Qc6 39. Qc2 f5 40. Ng5 Nb6 41. Bb5 Qb7 42. Qe2 Nd5 43. Nxe6 Rxd6 44. Nxc5 Qb6 45. Nd7 Qd8 46. Rxc8 Qxc8 47. Rxd5 Rxd5 48. Nf6+ Kh8 49. Nxd5 fxg4 50. hxg4 h5 51. Qc4 Qd8 52. Qe4 Qg5 53. Ne3 Kh7 54. Kf1 h4 55. Kg2 Nh5 56. Nd5 Qxd5 57. Qxd5 Nf4+ 58. Kh2 Nxd5 59. Bc6 Nb4 60. Be4 Kh6 61. Kh3 Kg5 62. f3 Na6 63. Bc6 Nb4 64. Be4 Na6 1/2-1/2

[Event "Cambados op"]
[Site "Cambados"]
[Date "2005.07.31"]
[Round "9"]
[White "Danilov, Vladimir"]
[Black "Rodriguez Calvo, Manoel"]
[Result "1/2-1/2"]
[WhiteElo "2363"]
[BlackElo "2119"]
[PlyCount "78"]
[EventDate "2005.07.23"]
[EventType "swiss"]
[EventRounds "9"]
[EventCountry "ESP"]
[SourceTitle "EXT 2006"]
[Source "ChessBase"]
[SourceDate "2005.11.24"]
[SourceVersion "1"]
[SourceVersionDate "2005.11.24"]
[SourceQuality "1"]

1. d4 Nf6 2. c4 g6 3. Nf3 Bg7 4. g3 0-0 5. Bg2 d6 6. Nc3 Nc6 7. 0-0 e5 8. dxe5 Nxe5 9. Nxe5 dxe5 10. Bg5 Qxd1 11. Rfxd1 c6 12. h3 Be6 13. b3 h6 14. Be3 a6 15. Na4 Rad8 16. Rac1 Rxd1+ 17. Rxd1 Nd7 18. Nc5 Nxc5 19. Bxc5 Re8 20. e3 Bf8 21. Bb6 f6 22. c5 Kf7 23. Rd2 Re7 24. Kf1 Rd7 25. Ke1 Rxd2 26. Kxd2 Ke8 27. Kc3 Kd7 28. e4 Be7 29. Bf1 Bd8 30. Bxd8 Kxd8 31. Kb4 Kc7 32. Ka5 g5 33. Be2 Bd7 34. Bg4 Be8 35. Be6 Bg6 36. f3 Bh5 37. g4 Be8 38. a3 Bg6 39. b4 Be8 1/2-1/2

[Event "Padron op"]
[Site "Padron"]
[Date "2003.??.??"]
[Round "1"]
[White "Rodriguez Calvo, Manoel"]
[Black "Dimitrov, Vladimir"]
[Result "1/2-1/2"]
[WhiteElo "2054"]
[BlackElo "2438"]
[PlyCount "87"]
[EventDate "2003.08.??"]
[EventType "swiss"]
[EventRounds "9"]
[EventCountry "ESP"]
[SourceTitle "EXT 2005"]
[Source "ChessBase"]
[SourceDate "2004.11.15"]
[SourceVersion "1"]
[SourceVersionDate "2004.11.15"]
[SourceQuality "1"]

1. e4 c5 2. Nf3 e6 3. d4 cxd4 4. Nxd4 Nc6 5. c4 Nf6 6. Nxc6 bxc6 7. Bd3 e5 8. 0-0 Bc5 9. Nd2 a5 10. Nf3 d6 11. Be3 Qb6 12. Bxc5 Qxc5 13. h3 0-0 14. b3 Be6 15. Qd2 Rfd8 16. Rfe1 Nh5 17. a3 Rab8 18. Reb1 Nf4 19. b4 Qa7 20. Bf1 f6 21. Qe3 Qc7 22. Ne1 Bf7 23. g3 Ne6 24. Nc2 Bg6 25. Bd3 Qd7 26. h4 Ra8 27. Kg2 d5 28. exd5 cxd5 29. Bxg6 hxg6 30. cxd5 Qxd5+ 31. Qf3 e4 32. Qb3 Qxb3 33. Rxb3 Rd2 34. Rc3 axb4 35. axb4 Rb8 36. Kf1 f5 37. Ke1 Rd6 38. Rd1 Rdb6 39. Rd7 g5 40. hxg5 Nxg5 41. Ke2 Ra6 42. Rd5 Rf6 43. b5 Nf3 44. Rb3 1/2-1/2

[Event "Alfonso Pedrido op 10th"]
[Site "Villagarcia de Arosa"]
[Date "2002.08.10"]
[Round "7.7"]
[White "Cooke, Eric"]
[Black "Rodriguez Calvo, Manoel"]
[Result "1-0"]
[WhiteElo "2223"]
[BlackElo "2093"]
[PlyCount "41"]
[EventDate "2002.08.04"]
[EventType "swiss"]
[EventRounds "9"]
[EventCountry "ESP"]
[SourceTitle "CBM 089 Extra"]
[Source "ChessBase"]
[SourceDate "2002.09.10"]
[SourceVersion "2"]
[SourceVersionDate "2002.09.10"]
[SourceQuality "1"]

1. d4 Nf6 2. c4 g6 3. Nc3 Bg7 4. e4 d6 5. f3 0-0 6. Be3 e5 7. Nge2 exd4 8. Nxd4 Nbd7 9. Qd2 Nc5 10. 0-0-0 a5 11. h4 a4 12. g4 a3 13. b3 Ne6 14. h5 c6 15. hxg6 fxg6 16. Nxe6 Bxe6 17. Qxd6 Qc8 18. Qh2 Nxg4 19. fxg4 Bxg4 20. Qxh7+ Kf7 21. Bd4 1-0

[Event "Villa de Marin op 2nd"]
[Site "Marin"]
[Date "2002.07.23"]
[Round "8.10"]
[White "Rodriguez Calvo, Manoel"]
[Black "Cebrian Ramos, Jose Luis"]
[Result "0-1"]
[WhiteElo "2093"]
[BlackElo "2066"]
[PlyCount "118"]
[EventDate "2002.07.16"]
[EventType "swiss"]
[EventRounds "9"]
[EventCountry "ESP"]
[SourceTitle "EXT 2003"]
[Source "ChessBase"]
[SourceDate "2002.11.25"]
[SourceVersion "1"]
[SourceVersionDate "2002.11.25"]
[SourceQuality "1"]

1. e4 c5 2. Nf3 d6 3. d4 cxd4 4. Nxd4 Nf6 5. Nc3 a6 6. Be3 e6 7. f3 b5 8. Qd2 Nbd7 9. 0-0-0 Bb7 10. Qf2 b4 11. Nce2 d5 12. exd5 Nxd5 13. Nf4 Nxe3 14. Qxe3 Qb6 15. Qd2 0-0-0 16. Nb3 Be7 17. Nd3 Nc5 18. Kb1 Nxb3 19. axb3 Rd4 20. Be2 Rhd8 21. f4 Bxg2 22. Rhg1 Be4 23. Qe1 Bf6 24. Qf2 R8d6 25. Bf3 Rxd3 26. Qxb6 Rxd1+ 27. Rxd1 Bxc2+ 28. Kxc2 Rxb6 29. Be4 g6 30. h4 h5 31. f5 gxf5 32. Bf3 Bxh4 33. Rh1 Bf6 34. Rxh5 Kd8 35. Rh7 Ke8 36. Bh5 Rb7 37. Rh6 Kf8 38. Be2 Rc7+ 39. Bc4 Kg7 40. Rh1 Be5 41. Ra1 Rc6 42. Ra4 Bd6 43. Kd3 Be7 44. Bxa6 Rd6+ 45. Ke2 Rd4 46. Bd3 Rh4 47. Ra7 Kf6 48. Bc4 Rh2+ 49. Kf3 Rxb2 50. Rc7 Bd6 51. Rd7 Bc5 52. Rb7 Rf2+ 53. Kg3 Rc2 54. Rb5 Bd6+ 55. Kf3 Rc3+ 56. Ke2 Rg3 57. Rb7 f4 58. Kf2 Bc5+ 59. Kf1 f3 0-1

[Event "ESP-ch U16"]
[Site "Formigal"]
[Date "2002.??.??"]
[Round "6.3"]
[White "Rodriguez Calvo, Manoel"]
[Black "Espineira Gonzalez, Diego Adrian"]
[Result "1/2-1/2"]
[WhiteElo "2099"]
[BlackElo "2189"]
[PlyCount "41"]
[EventDate "2002.07.05"]
[EventType "swiss"]
[EventRounds "8"]
[EventCountry "ESP"]
[SourceTitle "EXT 2003"]
[Source "ChessBase"]
[SourceDate "2002.11.25"]
[SourceVersion "1"]
[SourceVersionDate "2002.11.25"]
[SourceQuality "1"]

1. c4 g6 2. Nc3 Bg7 3. g3 e5 4. Nf3 d6 5. d4 Bg4 6. dxe5 Bxf3 7. exf3 Bxe5 8. f4 Bg7 9. Bg2 Nc6 10. 0-0 Nge7 11. Nd5 0-0 12. Nxe7+ Qxe7 13. Be3 Bxb2 14. Rb1 Bf6 15. Re1 Qd7 16. Rxb7 Na5 17. Rb1 Rab8 18. Rxb8 Rxb8 19. Bxa7 Rb4 20. Bd4 Qd8 21. Bxf6 1/2-1/2